000 00690nam a2200265 a 4500
003 AR-BaBNM
005 20251128203633.0
008 082120s2002 ||||||||||||||000 | spa||
040 _cAR-BaBNM
100 1 _aBenavente, Jacinto
245 0 0 _aLos intereses creados ;
_bSeñora Ama
250 _a10ª ed.
260 _aBuenos Aires
_bEspasa-Calpe
_c1961
300 _a147 p.
490 0 _aAustral
_vv. 34
500 _aEl autor recibió el Premio Nobel de Literatura en 1922
650 4 _aTEATRO
650 4 _aSIGLO DIECINUEVE
650 4 _aLITERATURA ESPAÑOLA
653 _aMODERNISMO
653 _aCOMEDIA DEL ARTE
655 _aLITERATURA
942 _cBK
998 _cisola
999 _c4267
_d4267